1079 1153 1444 1940 1414 1082 1096 1833 1556 1889 1487 1388 1755 1959 1243 1831 1748 1869 1174 1679 1884 1502 1973 1323 1521 1265 1695 1496 1609 1693 1327 1175 1508 1267 1853 1270 1707 1716 1107 1207 1252 1636 1125 1397 1587 1586 1614 1989 1806 1804 1203 1394 1847 1590 1150 1582 1270 1349 1350 1129 1837 1851 1477 1572 1095 1941 1450 1208 1446 1250 1596 1999 1050 1260 1094 1338 1104 1380 1027 1864 1328 1422 1139 1073 1429 1181 1155 1891 1528 1606 1541 1554 1131 1227 1887 1283 1895 1992 1336 BCNSPRNW ULIB Ver.6.0+V

เปลี่ยนเป็นภาษาไทย

Change to English
 แสดงรายละเอียดบรรณานุกรม
  กลับหน้าหลัก

Brief Record : Get Marc (ISO 2709) : E-mail record : QR code < ปิดหน้าต่าง
LEADER : 00000nam 2200000uu 4500
001    13399129138
003     ULIB
008    250718s2015||||th 000 0 tha d
020    ^a9781107480551
050  4 ^aPE1112^bM978E
100 1  ^aMurphy, Raymond.
245 1  ^aEssential grammar in use :^ba self-study reference and practice book for elementary learners of English : with answers /^cRaymond Murphy.
250    ^a4th ed.
260    ^aCambridge:^bCambridge University Press,^c2015
300    ^a319 p. :^bcol. ill. ;^c27 cm.
650  0 ^aEnglish language
650  0 ^aEnglish language Grammar
650  0 ^aEnglish language Grammar Problems, exercises, etc
650  0 ^aEnglish language^vTextbooks for foreign speakers
650  0 ^aEnglish language^vTextbooks for foreign speakers^vStudy guides
650  0 ^aEnglish language^xExaminations, questions, etc
650  0 ^aEnglish language^xGrammar
650  0 ^aEnglish language^xGrammar^vProblems, exercises, etc
650  0 ^aEnglish language^xGrammar^vStudy guides
650  0 ^aEnglish language^xStudy and teaching (Elementary)^xForeign speakers
650  0 ^aEnglish language^xUsage
650  0 ^aLanguage arts (Elementary)
650  4 ^aENGLISH LANGUAGE^xGRAMMARS^xPROBLEMS,EXERCISES,ETC
650  7 ^aEnglish language^xGrammar^xProblems, exercises, etc
650  7 ^aEnglish language^xGrammar^xStudy guides
650  7 ^aEnglish language^xTextbooks for foreign speaker
945    ^p854^l0^i011895
999    ^aประนอม เกษจรัล
รายการนี้ยังไม่มีแท็ก
คุณยังไม่ได้ล็อกอิน คุณสามารถมีกิจกรรมร่วมกับเว็บไซต์ได้ แต่ต้องล็อกอินก่อน ::
  ล็อกอิน

รายการสื่อสารสนเทศ

ลำดับที่ ประเภท เลขเรียก/บาร์โค้ด สถานที่ สถานะ
1. การศึกษาทั่วไป
หนังสือสำรอง
สถานะ=หนังสือสำรอง
PE1112 M978E ฉ.1 
  Barcode: 011895
ห้องสมุดวิทยาเขตสวรรค์ประชารักษ์
►หนังสือทั่วไป
บนชั้น

รายการใกล้เคียง
    ผู้แต่ง [Murphy, Raymond.]

    หัวเรื่อง [English language]

BibComment


ยังไม่เคยถูกคอมเมนท์

คอมเมนท์ทรัพยากรรายการนี้
  คอมเมนท์: Essential gramma..


 Copyright 2026. Bcnsprnw @Library